[Event "Junior Online 4NCL Division 5"]
[Site "online"]
[Date "2020.06.04"]
[Round "8.112"]
[White "Knight, Zoe B"]
[Black "Weedon, Arlo"]
[Result "1/2-1/2"]
[WhiteElo "1007"]
[BlackElo "1330"]
[PlyCount "81"]
[EventDate "2020.06.04"]
[WhiteTeam "Uxbridge Juniors Girls"]
[BlackTeam "Wey 2"]

1. e4 e5 2. Bc4 Nf6 3. d3 Bc5 4. Bg5 h6 5. Be3 Bxe3 6. fxe3 d6 7. Nc3 Bg4 8.
Nf3 Nc6 9. h3 Bd7 10. Qd2 O-O 11. O-O-O a6 12. g4 Rb8 13. Rdg1 b5 14. Bd5 b4
15. Nb1 Ne7 16. h4 Bxg4 17. Qg2 h5 18. Nh2 Qd7 19. Nxg4 Nxg4 20. Nd2 g6 21. Nf3
Nxe3 22. Qg5 Ng4 23. Nh2 Nxh2 24. Rxh2 Nxd5 25. Qh6 Nf6 26. Rhg2 Ng4 27. Qg5 a5
28. Rxg4 hxg4 29. h5 Kh7 30. hxg6+ fxg6 31. Rxg4 Qg7 32. Rh4+ Kg8 33. Rg4 Qf7
34. Qh6 Qf1+ 35. Kd2 Rf2+ 36. Ke3 Rf3+ 37. Kd2 Qf2+ 38. Kd1 Qf1+ 39. Kd2 Qf2+
40. Kd1 Qf1+ 41. Kd2 1/2-1/2

[Event "Junior Online 4NCL Division 5"]
[Site "online"]
[Date "2020.06.04"]
[Round "8.113"]
[White "Naef Schmid, Ianto"]
[Black "Eshwar, Ananya"]
[Result "1-0"]
[WhiteElo "1307"]
[BlackElo "902"]
[PlyCount "167"]
[EventDate "2020.06.04"]
[WhiteTeam "Wey 2"]
[BlackTeam "Uxbridge Juniors Girls"]

1. e4 d5 2. exd5 Qxd5 3. Nc3 Qd8 4. Nf3 Nc6 5. d4 Bf5 6. Bc4 Nf6 7. O-O e6 8.
Bg5 Bd6 9. Qd2 h6 10. Be3 O-O 11. Rfe1 Ne4 12. Nxe4 Bxe4 13. Be2 Bxf3 14. Bxf3
Qd7 15. Rad1 Rad8 16. h3 f6 17. a3 e5 18. dxe5 fxe5 19. Bxc6 Qxc6 20. Qd5+ Qxd5
21. Rxd5 Rf6 22. Rd2 Be7 23. Rxd8+ Bxd8 24. Rd1 Be7 25. b4 b6 26. Rd7 Bd6 27.
c4 Rf7 28. Rxf7 Kxf7 29. c5 bxc5 30. bxc5 Be7 31. Kf1 Bg5 32. Bxg5 hxg5 33. Ke2
Ke6 34. Kf3 Kd5 35. Kg4 Kxc5 36. Kxg5 Kd5 37. Kg6 c6 38. Kxg7 c5 39. h4 c4 40.
h5 c3 41. h6 c2 42. h7 c1=Q 43. h8=Q Qg5+ 44. Kh7 Qh5+ 45. Kg7 Qg5+ 46. Kf7
Qf4+ 47. Kg8 Qg5+ 48. Kf7 Qf4+ 49. Ke7 Qg5+ 50. Kd7 Qf5+ 51. Kc7 Qf7+ 52. Kb8
Qxf2 53. Qd8+ Ke4 54. Qg5 Qb2+ 55. Kxa7 Qxa3+ 56. Kb7 Qb4+ 57. Kc7 Qa5+ 58. Kd7
Qb5+ 59. Ke7 Qc5+ 60. Kd7 Qa7+ 61. Kc6 Qa4+ 62. Kd6 Qb4+ 63. Ke6 Qb6+ 64. Kd7
Qf2 65. Ke6 Qf4 66. Qg6+ Kd4 67. Qg7 Ke4 68. Qb7+ Kd4 69. Qd7+ Ke3 70. Qa7+ Kd3
71. Qa6+ Ke4 72. Qc6+ Kd4 73. Qd6+ Ke3 74. Qxe5+ Qxe5+ 75. Kxe5 Kf2 76. g4 Kg3
77. g5 Kg4 78. g6 Kf3 79. g7 Ke2 80. g8=Q Kd1 81. Qg2 Kc1 82. Kd4 Kb1 83. Kc3
Ka1 84. Qb2# 1-0

[Event "Junior Online 4NCL Division 5"]
[Site "online"]
[Date "2020.06.04"]
[Round "8.114"]
[White "Vijayakumar, Mrinali"]
[Black "Mandell, Eli"]
[Result "0-1"]
[WhiteElo "790"]
[BlackElo "1232"]
[PlyCount "32"]
[EventDate "2020.06.04"]
[WhiteTeam "Uxbridge Juniors Girls"]
[BlackTeam "Wey 2"]

1. d4 e5 2. dxe5 Nc6 3. Nf3 Qe7 4. e4 Nxe5 5. Nxe5 Qxe5 6. Bd3 Nf6 7. Nc3 b6 8.
O-O Bb7 9. g3 O-O-O 10. Bf4 Qe6 11. Nd5 Nxe4 12. Bxc7 Re8 13. Bxe4 Qxe4 14. Re1
Qxd5 15. Rxe8+ Kxc7 16. Qg4 Qg2# 0-1

[Event "Junior Online 4NCL Division 5"]
[Site "online"]
[Date "2020.06.04"]
[Round "8.115"]
[White "Cepoi, Gesneria"]
[Black "Weedon, Oscar"]
[Result "1-0"]
[WhiteElo "1075"]
[BlackElo "1352"]
[PlyCount "83"]
[EventDate "2020.06.04"]
[WhiteTeam "Uxbridge Juniors Girls"]
[BlackTeam "Wey 2"]

1. e4 c5 2. Bc4 Nc6 3. Nf3 a6 4. Ng5 e6 5. Qf3 Qxg5 6. O-O b5 7. Be2 Bd6 8. d4
cxd4 9. Bxg5 Nge7 10. c3 O-O 11. c4 Ne5 12. Qg3 Nxc4 13. Bf4 Bxf4 14. Qxf4 Ng6
15. Qg4 Nce5 16. Qg3 f6 17. f4 Nf7 18. f5 Nge5 19. Nd2 exf5 20. exf5 Bb7 21.
Rf2 Ng5 22. h4 Ngf7 23. Bh5 Nd3 24. Bxf7+ Rxf7 25. Qxd3 Re8 26. Qxd4 d5 27.
Raf1 Bc6 28. h5 h6 29. Qc3 Rc7 30. Rc1 Rec8 31. Qf3 Rf8 32. Qc3 Rfc8 33. Qf3 g5
34. Kh2 Rg7 35. Qd3 Rd7 36. Nb3 Rdd8 37. Rfc2 Rd6 38. Nc5 Bd7 39. Qd4 Bxf5 40.
Rf2 Bh7 41. Rxf6 Rcc6 42. Rxd6 1-0

[Event "Junior Online 4NCL Division 5"]
[Site "online"]
[Date "2020.06.04"]
[Round "8.116"]
[White "Weedon, Arlo"]
[Black "Knight, Zoe B"]
[Result "1-0"]
[WhiteElo "1330"]
[BlackElo "1007"]
[PlyCount "61"]
[EventDate "2020.06.04"]
[WhiteTeam "Wey 2"]
[BlackTeam "Uxbridge Juniors Girls"]

1. e4 e5 2. Nf3 Nc6 3. Bc4 Bc5 4. O-O Nf6 5. Nc3 O-O 6. d3 d6 7. Bg5 Bg4 8. h3
h6 9. Bh4 Bh5 10. g4 g5 11. Bg3 Bg6 12. Qd2 Kg7 13. Nd5 Nxd5 14. Bxd5 Nd4 15.
Nxd4 Bxd4 16. c3 Bb6 17. Bxb7 Rb8 18. Bd5 Rh8 19. Kg2 f6 20. f3 h5 21. Rh1 Qd7
22. h4 c6 23. Bb3 hxg4 24. hxg5 gxf3+ 25. Kxf3 Rxh1 26. Rxh1 Rf8 27. Qh2 fxg5+
28. Kg2 Qg4 29. Qh6+ Kf6 30. Qxf8+ Bf7 31. Qxf7# 1-0

[Event "Junior Online 4NCL Division 5"]
[Site "online"]
[Date "2020.06.04"]
[Round "8.117"]
[White "Eshwar, Ananya"]
[Black "Naef Schmid, Ianto"]
[Result "0-1"]
[WhiteElo "902"]
[BlackElo "1307"]
[PlyCount "134"]
[EventDate "2020.06.04"]
[WhiteTeam "Uxbridge Juniors Girls"]
[BlackTeam "Wey 2"]

1. d4 Nf6 2. Bf4 g6 3. e3 Bg7 4. Nf3 d6 5. Bd3 O-O 6. O-O Nbd7 7. h3 Re8 8.
Nbd2 e5 9. dxe5 dxe5 10. Nxe5 Nxe5 11. Bxe5 Rxe5 12. Nc4 Re8 13. Re1 Be6 14. e4
Bxc4 15. Bxc4 Nxe4 16. Qxd8 Raxd8 17. f3 Nd2 18. Rxe8+ Rxe8 19. Bd5 Rd8 20.
Bxb7 Bxb2 21. Re1 Nc4 22. Ba6 Nd6 23. Rd1 Bf6 24. g4 Ne8 25. Rxd8 Bxd8 26. f4
Kg7 27. h4 f5 28. g5 h5 29. Kf2 Nd6 30. Ke3 Ne4 31. c3 Nxc3 32. a3 Be7 33. Kd3
Nb1 34. a4 Ba3 35. Kd4 c5+ 36. Kd5 Nd2 37. Bb5 Nf3 38. Kc6 Nxh4 39. Kb7 Nf3 40.
Kxa7 h4 41. Kb7 h3 42. a5 h2 43. a6 h1=Q 44. Kb6 Qd1 45. Ka5 Qd2+ 46. Kb6 Qd6+
47. Ka5 Qd8+ 48. Ka4 Bc1 49. Kb3 Bxf4 50. Kc4 Qa8 51. Kxc5 Bxg5 52. Bc6 Qxa6
53. Bxf3 Be3+ 54. Kd5 g5 55. Bd1 g4 56. Ke5 g3 57. Bf3 Qf6+ 58. Kd5 Qh4 59. Ke6
Qh2 60. Kxf5 g2 61. Ke4 g1=Q 62. Kf5 Qh3+ 63. Ke4 Qgf1 64. Ke5 Qfxf3 65. Kd6
Qh6+ 66. Ke7 Qb7+ 67. Ke8 Qh8# 0-1

[Event "Junior Online 4NCL Division 5"]
[Site "online"]
[Date "2020.06.04"]
[Round "8.118"]
[White "Mandell, Eli"]
[Black "Vijayakumar, Mrinali"]
[Result "1-0"]
[WhiteElo "1232"]
[BlackElo "790"]
[PlyCount "105"]
[EventDate "2020.06.04"]
[WhiteTeam "Wey 2"]
[BlackTeam "Uxbridge Juniors Girls"]

1. d4 Nc6 2. Nf3 e5 3. dxe5 d5 4. exd6 cxd6 5. Bf4 Nf6 6. Nc3 Nh5 7. Bg5 f6 8.
Bh4 g5 9. Bg3 g4 10. Nd2 Bh6 11. e3 Bf5 12. e4 Bg6 13. Nb5 Nb4 14. Nxd6+ Ke7
15. Nf5+ Ke6 16. Nxh6 f5 17. exf5+ Kf6 18. Nxg4+ Kg5 19. h4+ Kxf5 20. Ne3+ Kf6
21. Qf3+ Kg7 22. Be5+ Kh6 23. Bxh8 Qxh8 24. Ng4+ Kg7 25. Qxb7+ Kf8 26. Qxa8+
Kg7 27. Qb7+ Kf8 28. Qxb4+ Kf7 29. Qb7+ Ke6 30. Bc4+ Kf5 31. Qf3+ Nf4 32. Ne3+
Kf6 33. Qxf4+ Kg7 34. Nf5+ Bxf5 35. Qg5+ Bg6 36. h5 Qe8+ 37. Be2 Qf7 38. hxg6
Qxg6 39. Qxg6+ hxg6 40. c4 g5 41. c5 g4 42. c6 Kf8 43. c7 Ke8 44. c8=Q+ Ke7 45.
Rh7+ Kf6 46. Qc6+ Kg5 47. Qh6+ Kf5 48. Rf7+ Ke5 49. Nc4+ Ke4 50. Qe6+ Kd4 51.
Qxg4+ Kc5 52. Qf5+ Kd4 53. Rd1# 1-0

[Event "Junior Online 4NCL Division 5"]
[Site "online"]
[Date "2020.06.04"]
[Round "8.121"]
[White "Atkinson, Matthew"]
[Black "Lewis, Evan"]
[Result "1-0"]
[WhiteElo "1247"]
[BlackElo "916"]
[PlyCount "101"]
[EventDate "2020.06.04"]
[WhiteTeam "SASCA Sharks"]
[BlackTeam "TSK Tigers B"]

1. e4 e5 2. Nf3 Nc6 3. Bc4 Nf6 4. Ng5 d5 5. exd5 Na5 6. d3 Bc5 7. O-O O-O 8.
Bd2 Nxc4 9. dxc4 Bd4 10. Bc3 Bxc3 11. Nxc3 Bg4 12. Nf3 e4 13. h3 Bh5 14. g4 Bg6
15. Nh4 e3 16. Nxg6 exf2+ 17. Rxf2 hxg6 18. Qd2 a6 19. Re1 Re8 20. Rfe2 Rxe2
21. Qxe2 b5 22. cxb5 axb5 23. Nxb5 Rxa2 24. b3 Ra8 25. Qe5 Rc8 26. d6 cxd6 27.
Qxd6 Qxd6 28. Nxd6 Rxc2 29. Rb1 Nd5 30. b4 Nf4 31. Rb3 Rg2+ 32. Kf1 Re2 33. b5
Ra2 34. b6 Ra8 35. b7 Rb8 36. Rf3 Nd5 37. Rxf7 Ne3+ 38. Kf2 Nd1+ 39. Ke1 Ne3
40. Rc7 Nc2+ 41. Kd2 Nb4 42. Rc8+ Rxc8 43. bxc8=Q+ Kh7 44. Qb8 Nc6 45. Qb6 Ne5
46. Qf2 Nd7 47. Qh4+ Kg8 48. Qd8+ Kh7 49. Qxd7 g5 50. Ne8 Kg6 51. Qxg7# 1-0

[Event "Junior Online 4NCL Division 5"]
[Site "online"]
[Date "2020.06.04"]
[Round "8.122"]
[White "Elliott, Joseph"]
[Black "Krajci, Patrik"]
[Result "1-0"]
[WhiteElo "970"]
[BlackElo "1255"]
[PlyCount "129"]
[EventDate "2020.06.04"]
[WhiteTeam "TSK Tigers B"]
[BlackTeam "SASCA Sharks"]

1. e4 e5 2. Nf3 Nc6 3. Bc4 Nf6 4. Ng5 d5 5. exd5 Nxd5 6. Qf3 f6 7. Bxd5 Nd4 8.
Bf7+ Ke7 9. Qa3+ Kd7 10. Qa4+ Ke7 11. c3 fxg5 12. cxd4 Kxf7 13. Qb3+ Ke8 14.
dxe5 c6 15. O-O Qd5 16. Qxd5 cxd5 17. d4 b6 18. Bxg5 Ba6 19. Rc1 Be7 20. Bxe7
Kxe7 21. Rc7+ Kd8 22. Rxg7 Rc8 23. h3 Rc1+ 24. Kh2 Rf8 25. Rxh7 Rxf2 26. Rxa7
Bd3 27. Rb7 Be4 28. Kg3 Rxg2+ 29. Kf4 Rf1+ 30. Ke3 Rg3+ 31. Ke2 Bd3+ 32. Kd2
Rf2+ 33. Kc3 Rc2+ 34. Kb3 Ba6+ 35. Kxc2 Bxb7 36. Nc3 Rg2+ 37. Kb3 Ba6 38. Nxd5
Rg3+ 39. Kb4 Rxh3 40. Nxb6 Kc7 41. Nd5+ Kc6 42. Ne7+ Kd7 43. Nf5 Rh5 44. Ka5
Bc8 45. Ng3 Rh4 46. Rh1 Rxd4 47. Rh7+ Ke6 48. Rc7 Rd5+ 49. Kb6 Bd7 50. Rc5 Kxe5
51. Rxd5+ Kxd5 52. b4 Kc4 53. Ka5 Be6 54. a4 Kb3 55. b5 Bd5 56. b6 Kc4 57. Ka6
Kb4 58. a5 Ka4 59. Ne2 Bc4+ 60. Ka7 Bxe2 61. b7 Kxa5 62. b8=Q Bf3 63. Qe5+ Kb4
64. Qf4+ Kc5 65. Qxf3 1-0

[Event "Junior Online 4NCL Division 5"]
[Site "online"]
[Date "2020.06.04"]
[Round "8.123"]
[White "Wang, Xiaorui"]
[Black "Choung, Ava Grace"]
[Result "0-1"]
[WhiteElo "1030"]
[BlackElo "921"]
[PlyCount "134"]
[EventDate "2020.06.04"]
[WhiteTeam "SASCA Sharks"]
[BlackTeam "TSK Tigers B"]

1. e4 e5 2. Nf3 Nc6 3. Bb5 Nf6 4. O-O Nxe4 5. d4 exd4 6. Re1 Qe7 7. Nxd4 Nxd4
8. Qxd4 Qc5 9. Rxe4+ Kd8 10. Qd2 Qxb5 11. Qe1 d6 12. Re8+ Qxe8 13. Qxe8+ Kxe8
14. Nc3 Be7 15. Bd2 Bf5 16. Rc1 Bf6 17. Nd5 Bd8 18. Re1+ Kd7 19. c3 Re8 20. Rf1
Re2 21. Bc1 Bh4 22. Ne3 Bxf2+ 23. Rxf2 Re1+ 24. Rf1 Rxf1+ 25. Kxf1 Bd3+ 26. Kf2
Re8 27. Ng4 Re2+ 28. Kg3 Rc2 29. Nf2 Rxc1 30. Nxd3 Rd1 31. Nb4 Rd2 32. b3 c5
33. Nd5 Rd3+ 34. Kf4 Rxd5 35. c4 g5+ 36. Kg3 Rd2 37. h3 Rxa2 38. Kg4 Rxg2+ 39.
Kf3 Rc2 40. Kg4 f6 41. Kf5 Rf2+ 42. Kg4 Rf4+ 43. Kg3 Ke6 44. Kg2 h5 45. Kg3 h4+
46. Kg2 Re4 47. Kf3 Kf5 48. Kg2 g4 49. hxg4+ Ke5 50. Kh3 f5 51. Kxh4 fxg4 52.
Kg3 Kf5 53. Kg2 Re3 54. Kf2 Kf4 55. Kg2 g3 56. Kg1 Re2 57. b4 cxb4 58. c5 dxc5
59. Kh1 Kf3 60. Kg1 g2 61. Kh2 Kf2 62. Kh3 g1=Q 63. Kh4 Qh2+ 64. Kg4 Qg3+ 65.
Kf5 Qe5+ 66. Kg4 Re4+ 67. Kh3 Qh5# 0-1

[Event "Junior Online 4NCL Division 5"]
[Site "online"]
[Date "2020.06.04"]
[Round "8.124"]
[White "Osborne, Finn"]
[Black "Harper, Luke"]
[Result "0-1"]
[WhiteElo "742"]
[BlackElo "1075"]
[PlyCount "88"]
[EventDate "2020.06.04"]
[WhiteTeam "TSK Tigers B"]
[BlackTeam "SASCA Sharks"]

1. e4 e5 2. Nf3 f5 3. Nc3 d6 4. Bc4 h6 5. O-O Nf6 6. d3 Nc6 7. Bb5 Bd7 8. d4
fxe4 9. d5 Ne7 10. Bxd7+ Qxd7 11. g3 exf3 12. Qxf3 O-O-O 13. Qd3 g5 14. Qe3 Kb8
15. a4 a6 16. Qd3 Qh3 17. g4 Qxg4+ 18. Kh1 Nf5 19. f3 Qh3 20. Rf2 Ng3+ 21. Kg1
e4 22. Qd4 Bg7 23. Nxe4 Nfxe4 24. Qxg7 Nxf2 25. Kxf2 Qxh2+ 26. Ke3 Nf1+ 27. Kd4
Qf2+ 28. Kc3 Qxf3+ 29. Kc4 Qe2+ 30. Kb3 Rhf8 31. Qxh6 Rf3+ 32. Ka2 Qc4+ 33. Kb1
Rf2 34. Qxg5 Qxc2+ 35. Ka2 Qc4+ 36. Kb1 Nh2 37. Qxd8+ Ka7 38. Be3+ b6 39. Bxf2
Qd3+ 40. Ka2 Qc4+ 41. Kb1 Nf3 42. Ra3 Nd2+ 43. Ka1 Qc1+ 44. Ka2 Qb1# 0-1

[Event "Junior Online 4NCL Division 5"]
[Site "online"]
[Date "2020.06.04"]
[Round "8.125"]
[White "Lewis, Evan"]
[Black "Atkinson, Matthew"]
[Result "0-1"]
[WhiteElo "916"]
[BlackElo "1247"]
[PlyCount "122"]
[EventDate "2020.06.04"]
[WhiteTeam "TSK Tigers B"]
[BlackTeam "SASCA Sharks"]

1. e4 e5 2. Nf3 Nc6 3. d4 d6 4. dxe5 Nxe5 5. Nxe5 dxe5 6. Qxd8+ Kxd8 7. Bc4 f6
8. O-O Ke7 9. b3 Be6 10. Ba3+ Kd7 11. Bb5+ c6 12. Ba4 Bxa3 13. Nxa3 Ne7 14.
Rad1+ Kc7 15. c4 Rhd8 16. b4 Rd7 17. b5 Rad8 18. Rxd7+ Rxd7 19. bxc6 Nxc6 20.
Nb5+ Kb8 21. Na3 Rd3 22. Nb5 Bxc4 23. Rc1 Bxa2 24. Ra1 Bb3 25. Bxb3 Rxb3 26.
Nd6 Rb4 27. Rd1 Nd4 28. Nf5 Nxf5 29. exf5 Kc7 30. g3 b6 31. Kf1 a5 32. Ra1 Kd7
33. Ke2 Rc4 34. Kd3 Rc8 35. h4 Ra8 36. g4 a4 37. Kc3 Kc6 38. Kb4 b5 39. f3 Rd8
40. Kc3 Rd4 41. Kb2 Rd3 42. Rc1+ Kb6 43. Rb1 Rb3+ 44. Ka2 Rxb1 45. Kxb1 Ka5 46.
Kb2 Kb4 47. g5 a3+ 48. Ka2 Ka4 49. Ka1 b4 50. Kb1 b3 51. Ka1 h6 52. gxh6 gxh6
53. Kb1 Kb4 54. Kc1 Kc3 55. Kb1 Kd3 56. Kc1 Ke3 57. h5 Kxf3 58. Kb1 e4 59. Kc1
e3 60. Kd1 a2 61. Kc1 a1=Q# 0-1

[Event "Junior Online 4NCL Division 5"]
[Site "online"]
[Date "2020.06.04"]
[Round "8.126"]
[White "Krajci, Patrik"]
[Black "Elliott, Joseph"]
[Result "1/2-1/2"]
[WhiteElo "1255"]
[BlackElo "970"]
[PlyCount "117"]
[EventDate "2020.06.04"]
[WhiteTeam "SASCA Sharks"]
[BlackTeam "TSK Tigers B"]

1. e4 c5 2. Nf3 d6 3. Bc4 e6 4. O-O Nf6 5. Nc3 g6 6. d3 Bg7 7. Bg5 O-O 8. Qd2
Qb6 9. Rab1 Nbd7 10. Bh6 Nh5 11. Bxg7 Nxg7 12. Qh6 f6 13. Rfe1 Ne5 14. Nxe5
dxe5 15. Re3 Nh5 16. g4 Nf4 17. Ne2 Qc7 18. Nxf4 exf4 19. Rh3 a6 20. c3 b5 21.
Bb3 a5 22. d4 c4 23. Bc2 e5 24. dxe5 Bxg4 25. Rh4 Be6 26. Rd1 fxe5 27. Rd6 Bc8
28. Rc6 Qg7 29. Qxg7+ Kxg7 30. Rc7+ Rf7 31. Rxf7+ Kxf7 32. Rxh7+ Kg8 33. Re7 a4
34. Rxe5 a3 35. bxa3 Rxa3 36. Re8+ Kf7 37. Rxc8 Rxc3 38. Bd1 Rc1 39. Rd8 Ke7
40. Rd2 c3 41. Rc2 Rxd1+ 42. Kg2 Rd2 43. Rxc3 Rxa2 44. Rb3 Ra5 45. Kf3 g5 46.
h4 gxh4 47. Kxf4 Ra2 48. Ke3 h3 49. Kf3 h2 50. Kg2 h1=Q+ 51. Kxh1 Rxf2 52. Rxb5
Rf1+ 53. Kg2 Re1 54. Re5+ Kd6 55. Re8 Kd7 56. Re5 Kd6 57. Re8 Kd7 58. Re5 Kd6
59. Re8 1/2-1/2

[Event "Junior Online 4NCL Division 5"]
[Site "online"]
[Date "2020.06.04"]
[Round "8.127"]
[White "Choung, Ava Grace"]
[Black "Wang, Xiaorui"]
[Result "0-1"]
[WhiteElo "921"]
[BlackElo "1030"]
[PlyCount "44"]
[EventDate "2020.06.04"]
[WhiteTeam "TSK Tigers B"]
[BlackTeam "SASCA Sharks"]

1. e4 c5 2. c4 Nc6 3. Nc3 Nf6 4. Nf3 e5 5. d4 cxd4 6. Nd5 Nxe4 7. Nxe5 Qa5+ 8.
Bd2 Nxd2 9. Be2 Nxc4+ 10. Kf1 N4xe5 11. Nf4 Ng6 12. Nxg6 hxg6 13. a3 Qe5 14. g3
d3 15. Qxd3 Qxb2 16. Re1 Bxa3 17. Bg4+ Be7 18. Rb1 Qf6 19. Kg2 Ne5 20. Rhe1
Nxd3 21. Re3 Qxf2+ 22. Kh1 Qxh2# 0-1

[Event "Junior Online 4NCL Division 5"]
[Site "online"]
[Date "2020.06.04"]
[Round "8.128"]
[White "Harper, Luke"]
[Black "Osborne, Finn"]
[Result "1-0"]
[WhiteElo "1075"]
[BlackElo "742"]
[PlyCount "45"]
[EventDate "2020.06.04"]
[WhiteTeam "SASCA Sharks"]
[BlackTeam "TSK Tigers B"]

1. d4 d5 2. c4 Nf6 3. e3 dxc4 4. Bxc4 Bg4 5. Ne2 Bxe2 6. Qxe2 Nc6 7. a3 e5 8.
dxe5 Nxe5 9. O-O Bd6 10. Rd1 Nxc4 11. Qxc4 O-O 12. b4 Qd7 13. Bb2 Ng4 14. Qc3
f6 15. Qc4+ Qf7 16. Qxg4 Qb3 17. Bd4 Be5 18. Bxe5 fxe5 19. Nd2 Rad8 20. Nxb3
Rxd1+ 21. Rxd1 b6 22. Rd7 a5 23. Qxg7# 1-0

[Event "Junior Online 4NCL Division 5"]
[Site "online"]
[Date "2020.06.04"]
[Round "8.131"]
[White "Hanache, Kai"]
[Black "Xu, Jiarui"]
[Result "1-0"]
[WhiteElo "1217"]
[BlackElo "1420"]
[PlyCount "51"]
[EventDate "2020.06.04"]
[WhiteTeam "Hammersmith 3"]
[BlackTeam "Cambridge Chess & Go B"]

1. e4 e5 2. Nf3 Nc6 3. Bc4 h6 4. Nc3 Bc5 5. O-O Nf6 6. d3 O-O 7. Be3 Bxe3 8.
fxe3 d6 9. d4 exd4 10. exd4 Bg4 11. h3 Bxf3 12. Rxf3 Re8 13. Qd2 Nxe4 14. Nxe4
Rxe4 15. Rg3 Kh7 16. Bd3 Nxd4 17. Bxe4+ g6 18. Qxd4 c5 19. Qd5 Qe7 20. Re1 Re8
21. Bxg6+ fxg6 22. Rxe7+ Rxe7 23. Qxd6 Re1+ 24. Kf2 Rc1 25. Qxg6+ Kh8 26. Qg7#
1-0

[Event "Junior Online 4NCL Division 5"]
[Site "online"]
[Date "2020.06.04"]
[Round "8.132"]
[White "Ke, Kevin"]
[Black "Yang, Rachel"]
[Result "0-1"]
[WhiteElo "1345"]
[BlackElo "1180"]
[PlyCount "116"]
[EventDate "2020.06.04"]
[WhiteTeam "Cambridge Chess & Go B"]
[BlackTeam "Hammersmith 3"]

1. d4 d5 2. c4 e6 3. cxd5 exd5 4. Nc3 Nf6 5. Nf3 Bb4 6. Bd2 O-O 7. a3 Ba5 8. b4
Bb6 9. e3 a6 10. Bd3 Nc6 11. O-O Bg4 12. Be2 Re8 13. Re1 h6 14. Rb1 Ne4 15. Rb3
Nxd2 16. Qxd2 Qf6 17. Qd1 Rad8 18. Nd2 Bxe2 19. Qxe2 Bxd4 20. Qd1 Bxc3 21. Qc2
Bxd2 22. Qxd2 b5 23. Rc3 d4 24. exd4 Nxd4 25. Rxe8+ Rxe8 26. Rxc7 Qg5 27. Qxg5
hxg5 28. h3 Re1+ 29. Kh2 Ra1 30. Rc3 Ne2 31. Re3 Nf4 32. Re8+ Kh7 33. Re3 f5
34. Rf3 g6 35. h4 Kh6 36. hxg5+ Kxg5 37. Rg3+ Kf6 38. Rf3 g5 39. g3 Nd5 40. Rd3
Nb6 41. Rd6+ Ke5 42. Rxb6 Rxa3 43. Kg2 Rb3 44. Rxa6 Rxb4 45. Ra5 Kd4 46. Kf3
Kc4 47. Ke3 Rb3+ 48. Ke2 Rd3 49. Kf1 b4 50. Rxf5 b3 51. Rxg5 b2 52. Rg4+ Kc3
53. Ke2 b1=Q 54. f4 Qd1+ 55. Kf2 Qxg4 56. f5 Qxf5+ 57. Kg2 Rd2+ 58. Kg1 Qb1#
0-1

[Event "Junior Online 4NCL Division 5"]
[Site "online"]
[Date "2020.06.04"]
[Round "8.133"]
[White "Singh, Simran"]
[Black "Syposz, Adam"]
[Result "0-1"]
[WhiteElo "1120"]
[BlackElo "1337"]
[PlyCount "50"]
[EventDate "2020.06.04"]
[WhiteTeam "Hammersmith 3"]
[BlackTeam "Cambridge Chess & Go B"]

1. e4 e5 2. Nf3 d6 3. h3 Nf6 4. Bc4 Nxe4 5. d3 Nf6 6. Bg5 h6 7. Bh4 Be7 8. Nc3
O-O 9. Bd5 c6 10. Bc4 d5 11. Bb3 Na6 12. Nxe5 Bb4 13. O-O Bd6 14. Ng4 Be7 15.
Qf3 Nxg4 16. hxg4 Bxh4 17. d4 Qg5 18. Ne2 Bxg4 19. Qd3 Nb4 20. Qc3 Bxe2 21.
Rfe1 Bg4 22. Qxb4 Bh3 23. g3 Bxg3 24. fxg3 Qxg3+ 25. Kh1 Qg2# 0-1

[Event "Junior Online 4NCL Division 5"]
[Site "online"]
[Date "2020.06.04"]
[Round "8.134"]
[White "Lee, Isaac"]
[Black "Ewart, Samuel"]
[Result "1-0"]
[WhiteElo "1240"]
[BlackElo "925"]
[PlyCount "59"]
[EventDate "2020.06.04"]
[WhiteTeam "Cambridge Chess & Go B"]
[BlackTeam "Hammersmith 3"]

1. e4 e5 2. Nf3 Nc6 3. Bc4 Bc5 4. Nc3 Nf6 5. O-O d6 6. h3 Bd7 7. d3 O-O 8. Bg5
h6 9. Bd2 Bxh3 10. gxh3 Nh5 11. Kh2 Qf6 12. Rg1 Nd4 13. Nxd4 Qxf2+ 14. Rg2 Qxd4
15. Qxh5 g6 16. Qe2 h5 17. Rb1 Rae8 18. Nb5 Re6 19. Nxd4 exd4 20. Bxe6 fxe6 21.
Rf2 Rxf2+ 22. Qxf2 g5 23. Bxg5 d5 24. Qf6 Bd6+ 25. Kh1 h4 26. Qxe6+ Kh8 27.
Bf6+ Kh7 28. Qf5+ Kg8 29. Qg5+ Kh7 30. Qg7# 1-0

[Event "Junior Online 4NCL Division 5"]
[Site "online"]
[Date "2020.06.04"]
[Round "8.135"]
[White "Xu, Jiarui"]
[Black "Hanache, Kai"]
[Result "0-1"]
[WhiteElo "1420"]
[BlackElo "1217"]
[PlyCount "56"]
[EventDate "2020.06.04"]
[WhiteTeam "Cambridge Chess & Go B"]
[BlackTeam "Hammersmith 3"]

1. e4 c6 2. d4 d5 3. f3 dxe4 4. fxe4 e6 5. Nf3 Nf6 6. e5 Nd5 7. Bc4 Bb4+ 8. c3
Ba5 9. Bxd5 Qxd5 10. O-O O-O 11. Kh1 Bb6 12. Bd2 c5 13. dxc5 Qxc5 14. b4 Qc7
15. a4 a5 16. b5 Nd7 17. Bf4 f6 18. Qe2 fxe5 19. Nxe5 Nxe5 20. Bxe5 Rxf1+ 21.
Qxf1 Qxe5 22. h3 Bd7 23. Qf3 Bc7 24. Kg1 Qe1+ 25. Qf1 Bb6+ 26. Kh2 Qxf1 27. h4
Qf4+ 28. Kh1 Qxh4# 0-1

[Event "Junior Online 4NCL Division 5"]
[Site "online"]
[Date "2020.06.04"]
[Round "8.136"]
[White "Yang, Rachel"]
[Black "Ke, Kevin"]
[Result "0-1"]
[WhiteElo "1180"]
[BlackElo "1345"]
[PlyCount "96"]
[EventDate "2020.06.04"]
[WhiteTeam "Hammersmith 3"]
[BlackTeam "Cambridge Chess & Go B"]

1. e4 e5 2. Nf3 Nc6 3. Bb5 Bc5 4. O-O d6 5. h3 Qf6 6. Nc3 Qg6 7. Nh4 Qg5 8.
Bxc6+ bxc6 9. Nf3 Qg6 10. Kh2 Nf6 11. d3 Be6 12. Bg5 h6 13. Bh4 Qh7 14. Re1 g5
15. Bg3 g4 16. Nh4 gxh3 17. gxh3 Rg8 18. Qf3 Nd7 19. a3 Nb6 20. b4 Bd4 21. Red1
Bxc3 22. Qe2 Bxa1 23. Rxa1 d5 24. exd5 Nxd5 25. c4 Nc3 26. Qxe5 Na4 27. Qxc7
Qxd3 28. Qxc6+ Qd7 29. Qxa8+ Qd8 30. Qxd8+ Kxd8 31. Rd1+ Ke7 32. c5 Rc8 33.
Bd6+ Kf6 34. f4 Bb3 35. Rd4 Bc2 36. Be5+ Ke6 37. Nf3 f6 38. Bd6 Kf5 39. Rd5+
Ke4 40. Rh5 Kxf3 41. Rxh6 Rg8 42. Rxf6 Rg2+ 43. Kh1 Rg3 44. Rf7 Be4 45. Kh2
Rg2+ 46. Kh1 Kf2 47. Rxa7 Kf1 48. Rxa4 Rd2# 0-1

[Event "Junior Online 4NCL Division 5"]
[Site "online"]
[Date "2020.06.04"]
[Round "8.137"]
[White "Syposz, Adam"]
[Black "Singh, Simran"]
[Result "1-0"]
[WhiteElo "1337"]
[BlackElo "1120"]
[PlyCount "61"]
[EventDate "2020.06.04"]
[WhiteTeam "Cambridge Chess & Go B"]
[BlackTeam "Hammersmith 3"]

1. e4 e5 2. Nf3 Bc5 3. Nxe5 d6 4. Nf3 Bg4 5. h3 Bh5 6. Be2 Nf6 7. Nc3 Nc6 8.
O-O Bb4 9. a3 Bxc3 10. dxc3 Nxe4 11. Bd3 Bg6 12. Re1 Qe7 13. Qe2 d5 14. c4 Nc5
15. Qxe7+ Nxe7 16. Bxg6 fxg6 17. Bg5 dxc4 18. Bxe7 Nd7 19. Re2 Nb6 20. Rd1 Kf7
21. Ng5+ Ke8 22. b3 cxb3 23. cxb3 Nd7 24. a4 Rf8 25. Bxf8+ Kxf8 26. Ne6+ Ke7
27. Nxc7+ Kd8 28. Nxa8 g5 29. Red2 Kc8 30. Rxd7 Kb8 31. Rd8# 1-0

[Event "Junior Online 4NCL Division 5"]
[Site "online"]
[Date "2020.06.04"]
[Round "8.138"]
[White "Ewart, Samuel"]
[Black "Lee, Isaac"]
[Result "0-1"]
[WhiteElo "925"]
[BlackElo "1240"]
[PlyCount "136"]
[EventDate "2020.06.04"]
[WhiteTeam "Hammersmith 3"]
[BlackTeam "Cambridge Chess & Go B"]

1. e4 e5 2. Nf3 Nc6 3. Bc4 Bc5 4. d3 Nf6 5. Nc3 h6 6. Be3 Bxe3 7. fxe3 O-O 8.
Qe2 d6 9. O-O-O Bg4 10. h3 Kh8 11. hxg4 Nxg4 12. Nh4 Nf6 13. Bb5 Qd7 14. Bxc6
Qxc6 15. Qf3 Qd7 16. Rdf1 Qe7 17. Nf5 Qe6 18. Nxh6 gxh6 19. Rxh6+ Nh7 20. Qg3
Qxh6 21. Qe1 Rg8 22. Rh1 Qg6 23. Qh4 Rg7 24. Nd5 Rc8 25. Ne7 Qe6 26. Nxc8 Qxc8
27. g4 Qxg4 28. Qh6 Qg5 29. Qh3 Qg4 30. Qh6 Qg5 31. Qh3 Qg3 32. Qh6 Qg4 33. a4
f5 34. exf5 Qxf5 35. e4 Qg5+ 36. Kd1 Qxh6 37. Rxh6 Rg1+ 38. Ke2 Kg7 39. Re6
Rg2+ 40. Kf3 Rxc2 41. Re7+ Kg6 42. Rd7 Nf6 43. Re7 Rxb2 44. Rxc7 a5 45. Ke3 b5
46. axb5 Rxb5 47. Ra7 Ng4+ 48. Kf3 Nh2+ 49. Ke2 Ng4 50. Kd2 Kf6 51. Kc3 Rc5+
52. Kb3 Ke6 53. Ka4 d5 54. exd5+ Kxd5 55. d4 exd4 56. Rxa5 Rxa5+ 57. Kxa5 Ke4
58. Kb4 Ke3 59. Kc4 d3 60. Kc3 Ke2 61. Kb2 d2 62. Kc2 d1=Q+ 63. Kb2 Qd5 64. Ka3
Qb5 65. Ka2 Qb4 66. Ka1 Kd2 67. Ka2 Kc1 68. Ka1 Qa4# 0-1